Quizzes
Events
Quiz Creation
Community
Videos
Private Events
Remove Ads
Sign In
Join for FREE
Feedback
Dark Mode
Quiz Categories
Sports
Geography
Music
Movies
Television
Just For Fun
Miscellaneous
History
Literature
Language
Science
Gaming
Entertainment
Religion
Holiday
For Kids
Quiz Lab
Recent
Popular Today
Quiz Kudos Today
Editor Picks
Curator Picks
Quizzes by...
Day
Popularity
Type
Ratings
Length
Year
Community
Subscriptions
Recent Discussions
Orange Saloon
Badges
Playlists
Quests
Create
Leaderboards
Showdown
Live 5
Trivia Bingo
Activity
Puzzle Library
Sporcle Events
Private Events
Virtual Trivia
Globe League
Become a Host
Pub Owners
SporcleCon
Opinionation
Our Games
Videos
Blog
Mobile Apps
Partnerships
Remove Ads and Go Orange
Feedback
Sports
Athletes
MLB
NBA
NHL
NFL
Soccer
Sports Teams
WWE
NCAA
Football
Premier League
Basketball
Baseball
Hockey
Golf
Tennis
Cricket
Rugby
Auto Racing
Olympics
World Cup
Sports
Athletes
MLB
NBA
NHL
NFL
Soccer
Sports Teams
WWE
NCAA
Football
Premier League
Basketball
Baseball
Hockey
Golf
Tennis
Cricket
Rugby
Auto Racing
Olympics
World Cup
Random Quiz
Search Sporcle
×
Quiz Lab
Quiz Lab
Sports
Baseball
Select answers by clicking on text or image buttons
Select answers by clicking on text or image buttons
Clickable
Best Score? Go Orange.
Who Drafted These MLB All-Stars? Stats
Can you pick the MLB All-Stars by the teams that drafted & signed them?
By
David1987
12m
80 Questions
370 Plays
370 Plays
370 Plays
Comments
Comments
Give Quiz Kudos
Give Quiz Kudos
-
- Ratings
hide this ad
More Info
Forced Order
Answers have to be entered in order
Answers have to be entered in order
Replay
Link that replays current quiz
Next Quiz
Link to next quiz in quiz playlist
You Got
0%
They Got
Avg Score
49%
Avg Friend Score
Upgrade to see
Score Distribution
Jump to the score distribution portion of the page
Score
0/80
Timer
12:00
0
Plays Today
% Correct
Pirates
74.6%
Twins
73.5%
Pirates
72.7%
Mets
71.6%
Orioles
70%
Orioles
69.7%
Twins
69.2%
Mets
69.2%
Tigers
68.1%
Reds
67.6%
Pirates
66.5%
Cardinals
66.2%
Pirates
64.1%
Brewers
64.1%
Mets
63.8%
Reds
63.5%
Phillies
63.5%
Marlins
61.9%
Cardinals
61.9%
Angels
61.4%
Astros
61.1%
Tigers
60.8%
Angels
59.5%
Indians
59.5%
Indians
59.2%
Blue Jays
58.4%
Angels
56.5%
Expos
56.2%
Brewers
55.4%
Marlins
54.6%
Diamondbacks
54.1%
Blue Jays
53.2%
Cardinals
53.2%
Dodgers
52.7%
Phillies
52.2%
Mariners
51.9%
Reds
51.9%
Indians
51.6%
Mariners
51.1%
Padres
50%
% Correct
Angels
49.7%
Athletics
48.9%
Cubs
47.8%
Mariners
47.8%
Royals
47.6%
Indians
46.8%
Blue Jays
46.2%
Devil Rays
45.7%
Padres
45.4%
Royals
45.1%
Marlins
44.9%
Indians
44.3%
Blue Jays
44.3%
Devil Rays
43.8%
Indians
43.5%
Reds
43.2%
Diamondbacks
43%
Cubs
42.2%
Padres
41.9%
Red Sox
41.9%
Mariners
41.9%
Dodgers
41.1%
Expos
40.5%
Red Sox
40.3%
Cubs
38.9%
Astros
38.4%
Cubs
37.6%
Blue Jays
37.3%
Dodgers
35.9%
Royals
34.3%
Cubs
33%
Cubs
31.4%
Royals
30.8%
Dodgers
30.3%
Braves
28.4%
Rangers
26.5%
Rangers
24.3%
Rangers
19.5%
Senators (Rangers)
19.2%
Giants
17.6%
Quiz Playlist
Details
Report
Send in Message
Add To Playlist
More Info:
Click the team that drafted & signed these MLB All-Stars.
Clickable:
Select answers by clicking on text or image buttons
Forced Order:
Answers have to be entered in order
Quiz Source
Last Updated: Feb 16, 2017
Quiz Scoreboard
CHALLENGE
Sign Up to Join the Scoreboard
Show All
Scores
Hide
Comments
May contain spoilers
Recently Published
Presidents Visiting Landmarks
by Hejman
History
7m
An Introduction to Baseball
by treessimontrees
Sports
5m
Movies - When Are They Set?
by FPL_Elf
Movies
5m
More to Explore
Quiz From the Vault
Featured Blog Post
Where Did the Easter Bunny Come From?
hide this ad
You Might Also Like...
Tags
Baseball Quiz
MLB Quiz
Atlanta Braves
Boston Red Sox
Chicago Cubs
Cincinnati Reds
Detroit Tigers
Los Angeles Dodgers
MLB All-Star
New York Yankees
Pittsburgh Pirates
St Louis Cardinals
Today's Top Quizzes in Sports
Browse Sports
hide this ad
Today's Top Quizzes in Baseball
Browse Baseball
Top Contributed Quizzes in Sports
1
Les meilleurs buteurs des matchs entre le PSG et l’OM
2
2022 World Cup Stars
3
FIFA Club World Cup Champions
4
Les entraîneurs de l'OM et du PSG au 21e siècle
5
Name the Premier League winners with different clubs
6
La finale Lions - Afrique du Sud 2021
7
England Test cricketers to play under Nasser Hussain
8
5-to-1: UK Sports Teams
9
Les joueurs passés par le LOSC et le RC Lens
10
Criteria MLB: Left Handed Sluggers
Explore More
Trending Topics
NBA
Disney
Kpop
Crossword
Marvel
Anime
Harry Potter
Puzzle
Soccer
NFL
Song
The Office
Country
Pokémon
WWE
hide this ad
More By:
David1987
Quiz
Plays
Rating
Category
Featured
Created
OPS (On-base Plus Slugging) Leaders 1920-2019
8,669
4.68
Sports
Sep 9, 2011
MLB Batting Champions 1960-2019
6,185
4.61
Sports
Dec 28, 2010
Pittsburgh Steelers Pro Bowlers Since 1970
2,469
4.33
Sports
Sep 13, 2011
Pittsburgh Steelers 1,000 Yard Receivers
2,347
4.33
Sports
Dec 21, 2010
Ohio State 1,000 Yd Rushers
1,201
4.00
Sports
Dec 27, 2010
Go to Creator's Profile
Score Distribution
Quiz Creator Spotlight
David1987
Follow
Send a Message
Quizzes Created
-
Created Quiz Play Count
-
More By This Creator
Popular Quizzes Today
1
Find the Countries of Europe - No Outlines Minefield
2
Find the US States - No Outlines Minefield
3
The Countries of the World
4
Popular People in 1961
5
Find the US States
6
US States
7
1-10 Letter E Words III
8
Risky Map Clicking: Biggest States A-Z
More Sports Quizzes
England Footballers Named Michael
Quiz Lab
Trending Quizzes
Risky Map Clicking: Least Populous States A-Z
1-10 Letter F Words
1-10 Letter G Words
One Thing in Common: United Kingdom
Risky Map Clicking: Next State Alphabetically
Recently Updated
Leaping Animals
pecheneg
Reality TV Shows (A-Z)
bhenderson79
Rickey Henderson's Hall of Fame Teammates
pecheneg
Champions League XIs: Arsenal
pecheneg
Quick Pick: Celebrities in WWE's Hall of Fame
aduchscher
A-Z Keypad Blitz II
pecheneg
Multiple Oscar Actors
pecheneg
Mystery Phrase Blitz: Oscar 'Best Actors'
pecheneg
F. Scott Fitzgerald Novels
LTH
Pick 3 Villains
ddd62291
Trending Topics
Kpop
Crossword
Marvel
NBA
Anime
Disney
Harry Potter
The Office
Puzzle
Country
Soccer
WWE
Song
NFL
Pokémon
Your Account Isn't Verified!
In order to create a playlist on Sporcle, you need to verify the email address you used during registration. Go to your
Sporcle Settings
to finish the process.
Report this User
Report this user for behavior that violates our
Community Guidelines
.
Details:
Send Report
Go to the Sporcle.com Mobile Site →
Comments